01444nab a22002777a 4500999001500000003000400015005001700019008004100036040000700077100002900084245015500113260007200268300001000340500003800350505033300388505008900721650002600810650003000836650003100866650002400897650002300921650003700944650003400981773013801015942001301153 c5725d5725OSt20251231174950.0190605e xxu||||| |||| 00| 0 spa d cPJ 95129aSfeir, Santiago L.13aEl régimen de contratación de los médicos residentes. ¿Formación académica o encubrimiento de una relación laboral? /cSantiago L. Sfeir. aCiudad Autónoma de Buenos Aires :bThomson Reuters La Ley,c2023. ap. 56 aCita: TR LALEY AR/DOC/943/2023.  aSumario: I. Introducción.— II. El régimen de contratación previsto por la ley de residencias médicas.— III. Sesgos de laboralidad en las residencias médicas.— IV. Los pronunciamientos de la CNAT respecto de la temática.— V. Disquisiciones finales. La inconstitucionalidad de la ley de residencias médicas.  t¿Te interesa el texto completo? Solicitalo al correo: koha@justierradelfuego.gov.ar 091316aDERECHO LABORAL 091323aCONTRATO DE TRABAJO 091803aRELACIONES LABORALES 094514aSALUD PUBLICA 091318aREMUNERACION 094184aOBLIGACIONES DEL EMPLEADOR 091570aDERECHOS DEL TRABAJADOR0 0271193168dCiudad Autónoma de Buenos Aires : Thomson Reuters La Ley, 1999-2002.tRevista de derecho del trabajo. Nº 3 - Mayo 2023 2udccANA